Letter from Clerk, House of Representatives, submitting a list of reports which it is the duty of any officer or department to make to Congress, pursuant to rule III, clause 2, of the Rules of the House of Representatives.

Bibliographic Details
Corporate Authors: United States. Congress. House. Committee on House Administration, ProQuest (Firm)
Format: eBook
Language:English
Published: Washington : [publisher not identified], 1964.
Series:United States congressional serial set.
Subjects:
Online Access:Connect to the full text of this electronic book

MARC

Tag First Indicator Second Indicator Subfields
LEADER 00000cam a22000001a 4500
001 in00003244413
005 20190403194813.0
006 m o d
007 cr un mmmapmmp
008 080611s1964 dcud o f000 0 eng d
035 |a cis2004272948 
040 |a UMI  |c UMI  |d UtOrBLW 
043 |a n-us--- 
099 |a ProQuest Serial Set Number 12631-1 H.doc.273 
110 1 |a United States.  |b Congress.  |b House.  |b Committee on House Administration. 
245 1 0 |a Letter from Clerk, House of Representatives, submitting a list of reports which it is the duty of any officer or department to make to Congress, pursuant to rule III, clause 2, of the Rules of the House of Representatives. 
246 1 |a Reports to be made to Congress 
264 1 |a Washington :  |b [publisher not identified],  |c 1964. 
300 |a 1 online resource. 
336 |a text  |b txt  |2 rdacontent 
337 |a computer  |b c  |2 rdamedia 
338 |a online resource  |b cr  |2 rdacarrier 
490 0 |a H.doc.273 
500 |a Record is based on bibliographic data in ProQuest U.S. Serial Set Digital Collection (last viewed June 2008). Reuse except for individual research requires license from ProQuest, LLC. 
510 3 |a ProQuest U.S. Serial Set Digital Collection 
500 |a Electronic resource. 
610 1 0 |a United States.  |b Congress.  |b House.  |b Office of the Clerk. 
650 0 |a Administrative agencies. 
655 7 |a Electronic books.  |2 local 
710 2 |a ProQuest (Firm) 
830 0 |a United States congressional serial set. 
856 4 0 |u http://proxy.library.tamu.edu/login?url=http://congressional.proquest.com/congcomp/getdoc?SERIAL-SET-ID=12631-1+H.doc.273  |z Connect to the full text of this electronic book  |t 0 
999 |a MARS 
999 f f |s 976e9ff9-d493-3fae-92ed-96fb4e6e56b1  |i 274e88fb-5437-3537-a200-f44f80f4943e  |t 0 
952 f f |a Texas A&M University  |b College Station  |c Electronic Resources  |d Available Online  |t 0  |e ProQuest Serial Set Number 12631-1 H.doc.273  |h Other scheme 
998 f f |a ProQuest Serial Set Number 12631-1 H.doc.273  |t 0  |l Available Online